Después del Nihilismo: de Nietzsche a Foucault

Guardat en:
Dades bibliogràfiques
Autor principal: Hopenhayn, Martín (Autor)
Format: Llibre
Idioma:espanyol
Publicat: Barcelona Andrés Bello 1997
Edició:1a. ed
Matèries:
Etiquetes: Afegir etiqueta
Sense etiquetes, Sigues el primer a etiquetar aquest registre!

MARC

LEADER 00000cam a2200000 a 4500
001 UCD3173
003 CL-VaPUC
008 160526e19970000sp |||||||||||||||||spa|d
020 |a 848969110X 
082 0 4 |a 149.8  |b HOP  |2 21 
100 |a Hopenhayn, Martín  |e author  |9 599499 
245 1 0 |a Después del Nihilismo: de Nietzsche a Foucault 
250 |a 1a. ed 
300 |a 292 p 
942 |c BK 
945 |d 20160526 21:26:00  |a arojas 
260 |a Barcelona  |b Andrés Bello  |c 1997 
600 0 |a Foucault, Michel  |9 257945 
650 0 |a Nihilismo  |9 265670 
583 |a last modification  |c 20160526 21:26:00  |k Rodrigo Vera 
999 |c 364225  |d 364223 
952 |0 0  |1 0  |3 erb  |4 0  |6 149_800000000000000_HOP_1997  |7 0  |8 A  |9 477204  |a FDOHBE  |b FDOHBE  |e Huesbe Llanos, Marco Antonio, 1934-  |i 5305535  |o 149.8 HOP 1997  |p 5305535  |r 2024-01-30  |w 2019-11-24  |y BK  |z Catalogado en:20160526  |k HBE